000 00231nam a2200097Ia 4500
001 709309
005 20250826162544.0
008 250824s9999 xx 000 0 und d
245 0 _aNİMİN ADASI
_cWENDY ORR
260 _bTUDEM YAYINLARI
999 _c709309
_d709309